al-Sharq al-Awsaṭ, (Record no. 45534)
[ view plain ]
| 000 -LEADER | |
|---|---|
| fixed length control field | 01399cam a22002291 4500 |
| 001 - CONTROL NUMBER | |
| control field | ne 63000254 |
| 003 - CONTROL NUMBER IDENTIFIER | |
| control field | DLC |
| 005 - DATE AND TIME OF LATEST TRANSACTION | |
| control field | 20260227111741.0 |
| 008 - FIXED-LENGTH DATA ELEMENTS--GENERAL INFORMATION | |
| fixed length control field | 840626s1948 ua abcf r 000 0 arar |
| 010 ## - LIBRARY OF CONGRESS CONTROL NUMBER | |
| LC control number | ne 63000254 |
| 035 ## - SYSTEM CONTROL NUMBER | |
| System control number | (OCoLC)10886481 |
| 040 ## - CATALOGING SOURCE | |
| Original cataloging agency | DLC |
| Transcribing agency | TxU |
| Modifying agency | TxU |
| -- | DLC |
| 042 ## - AUTHENTICATION CODE | |
| Authentication code | premarc |
| 050 00 - LIBRARY OF CONGRESS CALL NUMBER | |
| Classification number | DS44 |
| Item number | .Z3 |
| 100 1# - MAIN ENTRY--PERSONAL NAME | |
| Personal name | Zakī, ʻAbd al-Raḥmān. |
| 245 13 - TITLE STATEMENT | |
| Title | al-Sharq al-Awsaṭ, |
| Remainder of title | dirāsah shāmilah li-buldānahu wa-aḥwālahu al-iqtiṣādīyah wa-al-istirātījīyah |
| Statement of responsibility, etc. | [taʼlīf] ʻAbd al-Raḥmān Zakī. |
| 260 ## - PUBLICATION, DISTRIBUTION, ETC. | |
| Place of publication, distribution, etc. | [al-Qāhirah] |
| Name of publisher, distributor, etc. | Maktabat al-Nahḍah al-Miṣrīyah [tārīkh al-muqaddamah, |
| Date of publication, distribution, etc. | 1948] |
| 300 ## - PHYSICAL DESCRIPTION | |
| Extent | 7, 266 p. |
| Other physical details | illus., 2 col. plates, ports., maps (part fold.) tables. |
| Dimensions | 24 cm. |
| 505 0# - FORMATTED CONTENTS NOTE | |
| Formatted contents note | al-Sharq al-Awsaṭ -- Mamlakat Miṣr -- al-Sūdān -- al-Mamlakah al-ʻArabīyah al-Saʻūdīyah -- al-Yaman -- Imārāt al-Jazīrat al-ʻArabīyah -- Imbarāṭūrīyat Īrān -- Mamlakat al-ʻIrāq Jūmhurīyat Turkyā Jumhūrīyat Sūrīyā Jumhūrīyat Lubnān -- al-Mamlakah al-Urdunīyah al-Hāshimīyah -- Filasṭīn -- Afrīqīyā al-Shamālīyah -- Lībyā -- Tūnis -- al-Jazāʼir -- Marākish -- Mulūk wa-ruʼasāʼ duwal al-Sharq al-Awsaṭ --Rijāl al-buldān al-Sharq al-Awsaṭ -- Maktabat al-Shuʼūn al-ʻArabīyah bi-Amrīkā -- Marājiʻ al-kitāb. |
| 651 #0 - SUBJECT ADDED ENTRY--GEOGRAPHIC NAME | |
| Geographic name | Middle East |
| Form subdivision | Directories. |
| 651 #0 - SUBJECT ADDED ENTRY--GEOGRAPHIC NAME | |
| Geographic name | Africa, North |
| Form subdivision | Directories. |
No items available.